000 00992nam a22002537a 4500
999 _c5209
_d5209
003 AR-CdUCM
008 190312b ||||| |||| 00| 0 spa d
040 _aMUNICIPALIDAD PROVINCIAL DEL CUSCO
_cBIBLIOTECA MUNICIPAL DEL CUSCO
082 _a379.47 /
_bP59
100 _aPinkevich, Alberto
_915793
245 _aLa nueva educación en la Rusia Soviética :
_bFilosofía, técnica, realizaciones 1937 /
260 _aMexico :
_bFrente Cultural,
_c1939.
300 _a408 páginas ;
_c23 cm.
505 _aTeoría general y educación escolar -- El proceso educacional -- Crecimiento mental instintivo y emocional -- Crecimiento mental intelectual y volitivo -- El periodo pre escolar...
650 _aSocialismo.
_91037
650 _aPeriodo pre escolar.
_915794
650 _aTeoría.
_95077
650 _aEducación.
_9460
650 _aRusia soviética.
_915795
700 _aAlvarez Barret, Luis
_915796
700 _aDiaz Cardenas, Leon
_915797
942 _2ddc
_cLIBROS
945 _awfj